000 00301nam a22001097a 4500
082 _a540
100 _aPW
_983076
245 _aJEE ADVANCED 47 Years (2024-1978) Chapter Wise & Topic Wise Solved Papers Chemistry
260 _bPhysics Wallah Publication
_c2024
650 _aChemistry
942 _cC. BOOKS
999 _c67850
_d67850